Física; mecánica, fluídos, calor /
Guardado en:
| Autor Principal: | |
|---|---|
| Formato: | Libro |
| Publicado: |
Argentina :
Estrada,
1988
|
| Edición: | 2a. ed. |
| Materias: | |
| Etiquetas: |
Agregar Etiqueta
Sin Etiquetas, Sea el primero en etiquetar este registro!
|
| LEADER | 01110nam a22001815a 4500 | ||
|---|---|---|---|
| 001 | CEM.cems003191 | ||
| 008 | 130507s1988##################000#0#####d | ||
| 005 | 20241220110237.0 | ||
| 245 | 1 | 0 | |a Física; mecánica, fluídos, calor / |c Alberto G. Heinemann |
| 250 | |a 2a. ed. | ||
| 260 | |a Argentina : |b Estrada, |c 1988 | ||
| 300 | |a 543 p. | ||
| 505 | 0 | |a Mec nica. Introducci¢n a la f¡sica. Est tica. Fuerzas. Vectores. Operaciones con vectores. Sistemas de fuerza. Los momentos y las m quinas simples. El peso, el centro de gravedad y la estabilidad de los cuerpos. Cinem tica. Din mica. Trabajo, energ¡a y potencia. Cinem tica de la rotaci¢n. El movimiento peri¢dico. Ac£stica. Movimiento planetario y gravitaci¢n universal. Fluidos. Los l¡quidos. Los gases. Calor. Calor y temperatura. Dilataci¢n de los cuerpos. Medici¢n y propagaci¢n del calor. Los cambios de estado. La termodin mica y las m quinas térmicas. Problemas aplicativos. | |
| 100 | 1 | |a Heinemann, Alberto G. | |
| 082 | 0 | 4 | |a 530 |
| 653 | |a Fisica | ||
| 653 | |a Fisica 4to. año | ||
| 859 | |a CEMS |b BIB. CEMS - 11 de abril |h 530 |i H364a2 |p 16294.91 |t Ej.2 | ||
